000 00338 a2200157 4500
001 57050
020 _a9788574062792
040 _cAnchieta - Pituba
100 _aMaguire, Gregory
240 1 0 _aA bela arremetida
_lpor
245 1 0 _aA bela arremetida
300 _a191
362 0 _a2007
650 4 _aLiteratura juvenil
942 _cBK
999 _c57050
_d57050